All Track 5s By Taylor Swift - Statistics

General Stats
  • This quiz has been taken 67 times
  • The average score is 10 of 11
Answer Stats
Album Answer % Correct
Midnights You're On Your Own, Kid
97%
TTPD So Long, London
95%
Speak Now Dear John
94%
folklore my tears ricochet
94%
Lover The Archer
94%
reputation Delicate
92%
Red All Too Well
90%
1989 All You Had To Do Was Stay
90%
Fearless White Horse
90%
Taylor Swift Cold As You
87%
evermore tolerate it
87%
No matching quizzes found
Score Distribution
Percent of People with Each Score
Percentile by Number Answered
Your Score History
You have not taken this quiz